000 00553nam a2200229Ia 4500
003 OSt
005 20220918194843.0
006 a|||||r|||| 00| 0
007 ta
008 220917b |||||||| |||| 00| 0 eng d
024 _a82,012
037 _cTextual
040 _aARTS
_cARTS
_beng
041 _2eng
_aeng
082 _aS:7:7, L01
100 _aLewis Edwin C
_987530
245 0 _aPsychology of counseling
260 _c1970
650 _aPSYCHOLOGY
942 _hS:7:7, L01
_cTEXL
_2CC
999 _c205734
_d205734